000 00336 a2200169 4500
001 189566
020 _a85-08-09052-8
040 _cMagnum
100 _aFeijo, Martin Cezar
240 1 0 _aAntigo Egito
_lpor
245 1 0 _aAntigo Egito
300 _a40
362 0 _a2006
440 1 _aÁtica
697 _aHISTÓRIA
942 _cBK
999 _c189566
_d189566